| 000 | 00450nam a22001577a 4500 | ||
|---|---|---|---|
| 005 | 20251108164130.0 | ||
| 008 | 250721s1996 xx 000 0 ara d | ||
| 082 | 1 | 4 | _a814/إما |
| 100 | 1 | _aإمام، إمام عبد الفتاح | |
| 245 | 1 | 0 | _aأفكار.... و مواقف / |
| 264 | 1 |
_aالقاهرة : _bمكتبة مدبولي، _c1996. |
|
| 300 | _a745ص | ||
| 650 | 1 | 7 | _aالمقالات العربية |
| 942 |
_2ddc _cBK |
||
| 999 |
_c4439 _d4439 |
||